Responses for show #6669 - Thursday, September 19, 2013

Jared Hall game 6.

Contestants

Hillary Kwiatek, an employee communication specialist from Bethlehem, Pennsylvania

Parth Sheth, a medical student from Atlanta, Georgia

Jared Hall, a graduate student in global policy studies from Austin, Texas (whose 5-day cash winnings total $161,001)

Jeopardy! Round responses

I'LL HAVE AN OLD SPANISH
WHAT ARE YOU SELLING?
WORDPLAY
THAT'S THE STORY
FEMALE NOBEL PEACE PRIZE WINNERS
JAMES BOND THEMES
(Alex: You identify the motion picture.)
    $200 23
(Alex: Right, with less than a minute in the round.)

the Spanish Armada

Parth
    $200 15
Capital One

Hillary
    $200 12
tongue-twisters

Jared
    $200 7
a whodunnit

Hillary
    $200 1
Islam

Hillary
    $200 2
Goldfinger

Jared
    $400 27
[The end-of-round signal sounds.]

Picasso

Jared
    $400 16
Priceline

Hillary
    $400 13
a pun

Parth
    $400 8
the good Samaritan

Parth
    $400 3
deforestation

Jared
    $400 22
You Only Live Twice

Triple Stumper
    $600 26
Ferdinand & Isabella

Jared
    $600 17
Progressive

Hillary
    $600 14
(Alex: Instead of "a shot in the dark", "a dot in the shark"--that's a [*].)

a spoonerism

Triple Stumper
    $600 9
a novella

Jared
    $1,000 4
Belfast

Jared
    $800 24
(Francisco) Franco

Parth
    $800 18
(Alex: You've been watching a lot of television. Go again.)

Dos Equis

Hillary
    $800 20
Harpo

Jared
    $800 10
gothic novel

Triple Stumper
    $800 5
landmines

Jared
    $1000 25
El Cid

Parth
    $1000 19
(Hillary: What is BMW?)

Mercedes-Benz

JaredHillary
    $1000 21
(Alex: It's called [*] word. Has a pouch.)

a kangaroo

Triple Stumper
    $1000 11
dreadful

Triple Stumper
    $1000 6
Guatemala

Triple Stumper

Scores at the first commercial break (after clue 14):

Jared Parth Hillary
$3,200 $800 $400

Scores at the end of the Jeopardy! Round:

Jared Parth Hillary
$6,000 $2,800 $1,400

Double Jeopardy! Round responses

NATIONAL GEOGRAPHIC 50 GREATEST PHOTOGRAPHS
(Alex: That was taken from a database of 11 million, and they have a traveling exhibit, so people throughout America can get a chance to see these 50 greatest. We'll only have five of them.)
ON THEIR TOMBSTONES
NEW YORK PEOPLE, PLACES & THINGS
BACTERIA
ANAGRAMMED STATE CAPITALS
TRY A SEPARATION
    $400 6
tornado

Parth
    $400 16
Louis Armstrong

Jared
    $400 1
the Brooklyn Bridge

Jared
    $400 15
Legionnaires' disease

Jared
    $400 21
(Hillary: What is estranged?)

divorced

JaredHillary
    $800 7
the Amazon

Hillary
    $800 17
Sonny Bono

Triple Stumper
    $800 2
La Guardia

Parth
    $800 11
(Who is Lavoisier?)

Pasteur

JaredParth
    $800 24
Trenton

Jared
    $800 22
(Alex: Good, with a minute to go.)

a split shift

Hillary
    $1200 8
the Democratic Republic of the Congo

Parth
    $1200 18
Evel Knievel

Jared
    $1200 3
Eleanor Roosevelt

Jared
    $1200 12
spherical (or round)

Parth
    $1200 25
Olympia

Hillary
    $1200 23
(Parth: What is hash?)
...
(Alex: You drop an "E" from "severe" and you get [*].)

sever

Parth
Triple Stumper
    $1600 9
an albatross

Triple Stumper
    $1600 19
(Who is Frank Sinatra?)
...
(Alex: His buddy, [*]. "Everybody"... that was his hit song.)

Dean Martin

Jared
Triple Stumper
    $1600 4
Billy the Kid

Jared
    $1600 13
cholera

Parth
    $1600 26
Raleigh

Triple Stumper
    $3,000 28
(Hillary: What is dismembered?)
...
(Alex: "All Gaul is [*] into three parts.")
[The end-of-round signal sounds.]

divided

Hillary
    $2000 10
Tollund Man

Triple Stumper
    $2000 20
[Hillary pauses before adding the final syllable of the last name. Alex mimics her response, saying that she is correct.]

Babe Didrikson

Hillary
    $2000 5
the Finger Lakes

Hillary
    $6,000 14
acidophilus

Parth
    $2000 27
Carson City

Triple Stumper

Scores at the end of the Double Jeopardy! Round:

Jared Parth Hillary
$10,000 $13,600 $4,800

[wagering suggestions for these scores]

Final Jeopardy! Round responses

CLASSIC ALBUMS
[When Alex read the clue, he drew out and quavered his pronunciation of the word "on" for a few seconds.]
HillaryWhat is The White Sgt. Pepper
$2,400
JaredWhat is Sgt. Pepper's Lonely Hearts Club Band
$10,000
ParthWhat is Please Please Me?
$6,401
Sgt. Pepper's Lonely Hearts Club Band

Final scores:

Jared Parth Hillary
$20,000 $7,199 $7,200
6-day champion: $181,001 3rd place: $1,000 2nd place: $2,000

Game dynamics:

Coryat scores:

Jared Parth Hillary
$9,600 $9,600 $7,800
18 R
(including 1 DD),
2 W
12 R
(including 1 DD),
1 W
11 R,
3 W
(including 1 DD)

Combined Coryat: $27,000

The J! Archive is created by fans, for fans. The Jeopardy! game show and all elements thereof, including but not limited to copyright and trademark thereto, are the property of Jeopardy Productions, Inc. and are protected under law. This website is not affiliated with, sponsored by, or operated by Jeopardy Productions, Inc. Join the discussion at JBoard.tv.